书目信息 |
| 题名: |
数智金融与产业赋能
|
|
| 作者: | 张建锋,肖利华,刘伟光著 | |
| 分册: | ||
| 出版信息: | 北京 电子工业出版社 2022 |
|
| 页数: | 43,466页 | |
| 开本: | 21cm | |
| 丛书名: | 数智化转型系列丛书 | |
| 单 册: | ||
| 中图分类: | F269.2 | |
| 科图分类: | ||
| 主题词: | 经济计划 , 经济管理 | |
| 电子资源: | ||
| ISBN: | 978-7-121-42976-7 | |
| 000 | 01036nam0 2200253 450 | |
| 001 | 2368926755 | |
| 005 | 20231125190928.98 | |
| 010 | @a978-7-121-42976-7@b精装@dCNY109.00 | |
| 100 | @a20220409d2022 em y0chiy0110 ea | |
| 101 | 0 | @achi |
| 102 | @aCN@b110000 | |
| 105 | @aa z 000yy | |
| 200 | 1 | @a数智金融与产业赋能@9shu zhi jin rong yu chan ye fu neng@b专著@f张建锋,肖利华,刘伟光著@g曹彤主编 |
| 210 | @a北京@c电子工业出版社@d2022 | |
| 215 | @a43,466页@c彩照@d21cm | |
| 225 | 1 | @a数智化转型系列丛书 |
| 312 | @a封面英文题名:Digintelligent finance and industry enabling | |
| 330 | @a本书从科技推动产业转型升级的发展历程入手,分析产业链、供应链在数智化大潮中发生的解构和重构,以中小微企业融资“难、贵、慢”问题作为切入点,分析了数智理念和数智技术对传统产业和新兴产业的影响,及各产业获取金融服务的新需求。 | |
| 510 | 1 | @aDigintelligent finance and industry enabling@zeng |
| 606 | 0 | @a经济计划 |
| 606 | 0 | @a经济管理 |
| 690 | @aF269.2@v4 | |
| 801 | 0 | @aCN@b大连网信软件有限公司图书馆·11@c20231125 |
| 905 | @aBZT@dF269.2@e10 | |
| 数智金融与产业赋能/张建锋,肖利华,刘伟光著/曹彤主编.-北京:电子工业出版社,2022 |
| 43,466页:彩照;21cm.-(数智化转型系列丛书) |
| ISBN 978-7-121-42976-7(精装):CNY109.00 |
| 本书从科技推动产业转型升级的发展历程入手,分析产业链、供应链在数智化大潮中发生的解构和重构,以中小微企业融资“难、贵、慢”问题作为切入点,分析了数智理念和数智技术对传统产业和新兴产业的影响,及各产业获取金融服务的新需求。 |
| ● |
| 相关链接 |
|
|
|
正题名:数智金融与产业赋能
索取号:F269.2/10
 
预约/预借
| 序号 | 登录号 | 条形码 | 馆藏地/架位号 | 状态 | 备注 |
| 1 | 2001048938 | 2001048938 | 中教第一批/山东中教(第二书库)/696/ [索取号:F269.2/10] | 在馆 | |
| 2 | 2001158982 | 2001158982 | 中教(第二批第二书库)/山东中教(第二批)/722/ [索取号:F269.2/10] | 在馆 | |
| 3 | 2001158983 | 2001158983 | 中教(第二批第二书库)/山东中教(第二批)/722/ [索取号:F269.2/10] | 在馆 | |
| 4 | 2001158984 | 2001158984 | 中教(第二批第二书库)/山东中教(第二批)/722/ [索取号:F269.2/10] | 在馆 | |
| 5 | 2001158985 | 2001158985 | 中教(第二批第二书库)/山东中教(第二批)/722/ [索取号:F269.2/10] | 在馆 | |
| 6 | 2001158986 | 2001158986 | 中教(第二批第二书库)/山东中教(第二批)/722/ [索取号:F269.2/10] | 在馆 | |
| 7 | 2001158987 | 2001158987 | 中教(第二批第二书库)/山东中教(第二批)/722/ [索取号:F269.2/10] | 在馆 | |
| 8 | 2001158988 | 2001158988 | 中教(第二批第二书库)/山东中教(第二批)/722/ [索取号:F269.2/10] | 在馆 | |
| 9 | 2001158989 | 2001158989 | 中教(第二批第二书库)/山东中教(第二批)/722/ [索取号:F269.2/10] | 在馆 | |
| 10 | 2001158990 | 2001158990 | 中教(第二批第二书库)/山东中教(第二批)/722/ [索取号:F269.2/10] | 在馆 | |
| 11 | 2001158991 | 2001158991 | 中教(第二批第二书库)/山东中教(第二批)/722/ [索取号:F269.2/10] | 在馆 | |
| 12 | 2001158992 | 2001158992 | 中教(第二批第二书库)/山东中教(第二批)/722/ [索取号:F269.2/10] | 在馆 | |
| 13 | 2001158993 | 2001158993 | 中教(第二批第二书库)/山东中教(第二批)/722/ [索取号:F269.2/10] | 在馆 | |
| 14 | 2001158994 | 2001158994 | 中教(第二批第二书库)/山东中教(第二批)/722/ [索取号:F269.2/10] | 在馆 | |
| 15 | 2001158995 | 2001158995 | 中教(第二批第二书库)/山东中教(第二批)/722/ [索取号:F269.2/10] | 在馆 | |
| 16 | 2001158996 | 2001158996 | 中教(第二批第二书库)/山东中教(第二批)/722/ [索取号:F269.2/10] | 在馆 | |
| 17 | 2001158997 | 2001158997 | 中教(第二批第二书库)/山东中教(第二批)/722/ [索取号:F269.2/10] | 在馆 | |
| 18 | 2001158998 | 2001158998 | 中教(第二批第二书库)/山东中教(第二批)/722/ [索取号:F269.2/10] | 在馆 | |
| 19 | 2001158999 | 2001158999 | 中教(第二批第二书库)/山东中教(第二批)/722/ [索取号:F269.2/10] | 在馆 | |
| 20 | 2001159000 | 2001159000 | 中教(第二批第二书库)/山东中教(第二批)/722/ [索取号:F269.2/10] | 在馆 | |
| 21 | 2001159001 | 2001159001 | 中教(第二批第二书库)/山东中教(第二批)/722/ [索取号:F269.2/10] | 在馆 | |
| 22 | 2001159002 | 2001159002 | 中教(第二批第二书库)/山东中教(第二批)/722/ [索取号:F269.2/10] | 在馆 | |
| 23 | 2001159003 | 2001159003 | 中教(第二批第二书库)/山东中教(第二批)/722/ [索取号:F269.2/10] | 在馆 | |
| 24 | 2001159004 | 2001159004 | 中教(第二批第二书库)/山东中教(第二批)/722/ [索取号:F269.2/10] | 在馆 | |
| 25 | 2001159005 | 2001159005 | 中教(第二批第二书库)/山东中教(第二批)/722/ [索取号:F269.2/10] | 在馆 |